|
|
|
|
| LEADER |
01050nam a2200241 a 4500 |
| 001 |
31994 |
| 003 |
BD-DhAAL |
| 005 |
20171109124934.0 |
| 008 |
171102s2017 bg ||||||||| 00| 0 ben d |
| 999 |
|
|
|c 38487
|d 38487
|
| 020 |
|
|
|a 9848684131
|
| 040 |
|
|
|a BD-DhAAL
|
| 082 |
|
|
|2 20
|a 327.2092
|
| 100 |
|
|
|a চৌধুরী, ফারুক
|9 22897
|
| 245 |
|
|
|a জানালায় নানা ছবি /
|c ফারুক চৌধুরী
|
| 260 |
|
|
|a ঢাকা :
|b অন্যপ্রকাশ,
|c ২০০৬
|
| 300 |
|
|
|a ২৩৮ পৃষ্ঠা :
|b চিত্র ;
|c ২২ সে. মি.
|
| 526 |
|
|
|a AAL
|
| 541 |
|
|
|e 31994
|a Complementary copy from Faruque Chowdhury
|
| 650 |
|
|
|a Diplomats
|x Biography.
|z Bangladesh
|9 22898
|
| 650 |
|
|
|a Politics and government
|z Bangladesh
|9 22899
|
| 942 |
|
|
|2 ddc
|c BK
|
| 952 |
|
|
|0 0
|1 0
|2 ddc
|4 0
|6 327_209200000000000_CHO
|7 0
|9 61715
|a BRACUL
|b BRACUL
|c BNC
|d 2017-11-02
|e Complementary copy from Faruque Chowdhury
|g 250.00
|l 1
|m 1
|o 327.2092 CHO
|p 3010031994
|r 2020-03-16
|s 2020-03-04
|t 1
|v 250.00
|w 2017-11-02
|y BK
|